Normal view MARC view
  • National Seminar for Private Sector on the National Integrity Plan

Entry Meeting Name

Number of records used in: 1

001 - CONTROL NUMBER

  • control field: 7226

003 - CONTROL NUMBER IDENTIFIER

  • control field: OSt

005 - DATE AND TIME OF LATEST TRANSACTION

  • control field: 20170523143908.0

008 - FIXED-LENGTH DATA ELEMENTS

  • fixed length control field: 170523|| aca||aabn | a|a d

040 ## - CATALOGING SOURCE

  • Original cataloging agency: OSt
  • Transcribing agency: OSt

111 ## - HEADING--MEETING NAME

  • Meeting name or jurisdiction name as entry element: National Seminar for Private Sector on the National Integrity Plan
  • Date of meeting: (2006 :
  • Location of meeting: Kuala Lumpur)

670 ## - SOURCE DATA FOUND

  • Source citation: Work cat.: (OSt)0: Good governance for development :, 2006
Pusat Sumber Maklumat Dato' Haji Sarmin Md Hussin, Akademi Kastam Diraja Malaysia, Melaka
Tel: 06-2331106 | Faks: 06-2313787